000 00645nam a2200217Ia 4500
001 1226
003 GE_BSU
008 181216s||||||||xx |||||||||||||| ||und||
020 _a5511004669
040 _cGE_BSU
080 _a551.5(075.8)
100 _aკოტარია, ა.
245 _aმეტეოროლოგიის საფუძვლები.
260 _aთბილისი.
260 _bუნივერსიტეტის გამომცემლობა.
260 _c1992.
300 _a446 გვ.20 სმ.
541 _h20 ლ.
653 _aმეტეოროლოგია.
942 _cBK
999 _c35373
_d35373